JR沖紀本線の駅 - Statistics

General Stats
  • This quiz has been taken 4 times
  • The average score is 28 of 66
Answer Stats
No. 駅名 % Correct
JA 61 新宮
100%
JA 60 百万尺
67%
JA 58 沖の竹西
67%
JA 47 北沖市
67%
JA 46 元町
67%
JA 45 沖田町
67%
JA 44 沖ほたる
67%
JA 42 沖ノ鳥北港
67%
JA 41 沖羽
67%
JA 40 北区役所
67%
JA 39 雀町東
67%
JA 36 大垣ノ島
67%
JA 33 沖通
67%
JA 32 沖ノ鳥中央
67%
JA 31 沖ノ鳥
67%
JA 30 高貴
67%
JA 29 沖京
67%
JA 28 南沖京
67%
JA 26 本沖羽
67%
JA 25 沖布台
67%
JA 16 沖ノ鳥大学
67%
JA 15 新四ッ沖
67%
JA 14 四ッ沖
67%
JA 08 新沖ノ岩
67%
JA 07 沖ノ岩
67%
JA 05 新沖ノ鳥中央
67%
JA 03 東新町
67%
JA 02 新町
67%
JA 01 新沖ノ鳥
67%
JAc 43 沖ノ鳥国際空港
67%
JA 69 大紀州西
33%
JA 57 沖の竹貨物
33%
JA 55 寿司島
33%
JA 51 沖ノ口
33%
JA 49 沖羽島
33%
JA 48 沖ノ鳥データセンター
33%
JA 43 沖遊戯北
33%
JA 35 沖地下
33%
JA 27 北海
33%
JA 24 沖和
33%
JA 23 河州
33%
JA 21 新久鬼那
33%
JA 20 久鬼那
33%
JA 19 ベルリン
33%
JA 18 ウィーン
33%
JA 17 沖輪ゲートウェイ
33%
JA 13 沖々木
33%
JA 12 八丁沖
33%
JA 11 沖谷
33%
JA 10 南沖谷
33%
JA 09 沖府
33%
JA 06 丹内
33%
JA 04 沖間
33%
JAa 63 神津島
33%
JA 56 鰯ノ森
0%
JA 53 沖道橋
0%
JA 52 渚平ニュータウン
0%
JA 50 トリタワー西
0%
JA 38 蘇我
0%
JA 37 沖子
0%
JA 34 沖ノ鳥州
0%
JA 22 河戸
0%
JAa 62 瑞島
0%
JAa 61 オーバーライド南
0%
JAa 60 魂玉島
0%
JA 54 PB帝国乗換
0%
No matching quizzes found
Score Distribution
Percent of People with Each Score
Percentile by Number Answered
Your Score History
You have not taken this quiz